Statistiques concernant Pokemon - Les Pokemon de la 4G

Cliquez ici pour prendre le quiz!

Statistiques générales

  • Ce quiz a été pris 109 fois
  • Le résultat moyen est 74 sur 107

Statistiques - réponses

NuméroNom% Correct
#395Pingoléon
99%
#393Tiplouf
99%
#387Tortipouss
99%
#390Ouisticram
97%
#392Simiabraz
97%
#394Prinplouf
96%
#389Torterra
96%
#483Dialga
94%
#398Etouraptor
94%
#396Etourmi
94%
#484Palkia
94%
#391Chimpenfeu
93%
#397Etourvol
93%
#487Giratina
93%
#388Boskara
92%
#400Castorno
92%
#399Keunotor
92%
#403Lixy
90%
#405Luxray
90%
#404Luxio
89%
#491Darkrai
88%
#443Griknot
88%
#445Carchacrok
85%
#493Arceus
83%
#482Créfadet
83%
#481Créfollet
82%
#480Créhelf
82%
#488Cresselia
81%
#466Elekable
81%
#448Lucario
81%
#485Heatran
79%
#467Maganon
79%
#447Riolu
79%
#407Roserade
79%
#410Dinoclier
78%
#408Kranidos
78%
#489Phione
78%
#401Crikzik
76%
#402Mélokrik
76%
#406Rozbouton
76%
#490Manaphy
75%
#492Shaymin
75%
#411Bastiodon
74%
#486Regigigas
74%
#431Chaglam
71%
#442Spiritomb
71%
#425Baudrive
69%
#409Charkos
69%
#426Grodrive
69%
#419Musteflott
69%
#432Chaffreux
68%
#418Mustébouée
68%
#460Blizzaroi
67%
#459Blizzi
67%
#471Givrali
67%
#470Phyllali
67%
#468Togekiss
67%
#461Dimoret
65%
#429Magirêve
65%
#416Apireine
64%
#415Apitrini
64%
#430Corboss
64%
#453Cradopaud
63%
#479Motisma
63%
#474Porygon-Z
63%
#454Coatox
61%
#478Momartik
61%
#434Moufouette
61%
#475Gallame
60%
#472Scorvol
60%
#435Moufflair
58%
#437Archéodong
57%
#446Goinfrex
57%
#439Mime Jr.
57%
#440Ptiravi
57%
#464Rhinastoc
57%
#436Archéomire
56%
#413Cheniselle
56%
#412Cheniti
56%
#473Mammochon
56%
#420Ceribou
54%
#421Ceriflor
54%
#462Magnézone
54%
#477Noctunoir
54%
#476Tarinorme
54%
#469Yanmega
54%
#450Hippodocus
51%
#449Hippopotas
51%
#423Tritosor
51%
#424Capidextre
50%
#428Lockpin
50%
#414Papilord
50%
#452Drascore
49%
#433Korillon
49%
#417Pachirisu
49%
#422Sancoki
49%
#455Vortente
49%
#458Babimanta
47%
#427Laporeille
47%
#465Bouldeneu
46%
#438Manzaï
46%
#441Pijako
46%
#456Ecayon
43%
#457Luminéon
43%
#451Rapion
43%
#463Coudlangue
40%
#444Carnache
19%

Distribution des résultats

Percentile par nombre de réponses

% des personnes avec chaque résultat

Votre développement - résultats

Vous n’avez pas pris ce quiz